Winning on the telephone

Bibliographic Details
Main Author: Weiss, Donald H.
Format: Book
Published: New York : AMACOM , 1988
Subjects:

MARC

LEADER 00000cam a2200000 7i4500
001 0000001132
005 20021119.0
020 |a 0814476996 
040 |a INS 
090 0 0 |a HF5541.T4   |b W44 1988 
100 1 |a Weiss, Donald H. 
245 1 0 |a Winning on the telephone   |c Donald H. Weiss 
260 |a New York :   |b AMACOM ,   |c 1988 
300 |a 57p. ;   |c 18 cm. 
500 |a Includes index 
650 0 0 |a Telephone in business 
999 |a 0000004069   |b BOOK   |c Open Shelf   |e Default branch